| 000 | 00658nam a22002412 4500 | ||
|---|---|---|---|
| 001 | 13233 | ||
| 003 | BD-RjUL | ||
| 005 | 20211208235425.0 | ||
| 008 | 140130t1968 ii a 001 0 eng | ||
| 035 | _a(BD-RjUL)13284 | ||
| 040 |
_aDLC _cDLC _dUKM _dEQO _dBD-RjUL _beng |
||
| 041 | _aeng | ||
| 082 | 0 | 0 |
_a620.11 _216 _bPAM 1968 |
| 100 | 1 |
_aPatton, W. J. _941216 |
|
| 245 | 1 | 0 |
_aMaterials in industry / _cby W. J. Patton. |
| 260 |
_aNew Delhi : _bPrentice-Hall of india, _cc1968. |
||
| 300 |
_axix, 460 p. : _billus. ; _c24 cm. |
||
| 504 | _aIncludes index. | ||
| 650 | 0 |
_aMaterials. _941217 |
|
| 942 |
_2ddc _cBK |
||
| 999 |
_c13233 _d13233 |
||